The Godfather Part II Characters - Statistics

General Stats
  • This quiz has been taken 45 times
  • The average score is 9 of 17
Answer Stats
Hint Character % Correct
Protagonist's Brother Fredo Corleone
100%
Protagonist Michael Corleone
100%
Flashback Protagonist Vito Corleone
97%
Protagonist's Sister Connie Corleone
85%
Protagonist's Lawyer Tom Hagen
85%
Main Antagonist Hyman Roth
72%
Protagonist's Wife Kay Adams
67%
Flashback Partner Clemenza
49%
Flashback Don Fanucci
46%
Head of the New Family Frank Pentangeli
36%
Protagonist's Enforcer Al Neri
28%
Nevada Senator Pat Geary
28%
Protagonist's Mom Mama Corleone
26%
First Corleone Family Consigliere Genco
21%
Wife of Protagonist's Brother Deanna Corleone
13%
Flashback Landlord Roberto
8%
Flashback Partner Rocco Lampone
0%
No matching quizzes found
Score Distribution
Percent of People with Each Score
Percentile by Number Answered
Your Score History
You have not taken this quiz